Systema elementare universae jurisprudentiae naturalis in usum praelectionum academicarum adornatum.

Gespeichert in:
Bibliographische Detailangaben
1. Verfasser: Nettelbladt, Daniel (autor)
Weitere Verfasser: martin Scherl, Bernhard (einleitung)
Format: Buch
Veröffentlicht: Hildesheim, Deutschland: Georg Olms, 1997.
Schriftenreihe:Gesammelte Werke,
Schlagworte:
Tags: Tag hinzufügen
Keine Tags, Fügen Sie den ersten Tag hinzu!

MARC

LEADER 00000nam a22000007a 4500
003 CL-VaPUC
005 20220822114825.0
008 220805t1997 ||||| |||| 00| 0 eng d
999 |c 438043  |d 438041 
020 |a 3-487-10291-9 
040 |c Pontificia Universidad Católica de Valparaíso 
082 7 |a 340.112 NET 1997  |2 22 
100 1 |a Nettelbladt, Daniel  |e autor  |9 874936 
245 |a Systema elementare universae jurisprudentiae naturalis in usum praelectionum academicarum adornatum. 
260 |a Hildesheim, Deutschland:   |b Georg Olms,   |c 1997. 
300 |a 2 band (volúmenes) 
490 |a Gesammelte Werke,  |n  39.1, 39.2. 
500 |a c.1 Donación Familia Prof. Alejandro Guzmán Brito. 
505 |a Bd. 1. Doctrinae Propaedeuticae, Iurisprudentia naturalis generalis, Iurisprudentiae naturalis stricte sic dictae partis I libri I et II -- Bd. 2. Iurisprudentiae naturalis stricte sic dictae partis I libri III et IV et pars II, Iurisprudentia naturalis civilis. 
583 |c 20220805  |k Cristina María Rojas Aguilar 
650 |a Derecho natural   |9 255041 
650 |a Etica  |9 255099 
700 |a martin Scherl, Bernhard  |e einleitung   |9 874937 
942 |2 ddc  |c BK  |n 0 
952 |0 0  |1 0  |2 ddc  |4 0  |6 340_112000000000000_NET_1997  |7 0  |8 C_AGB  |9 585917  |a BIBDER  |b BIBDER  |d 2022-08-05  |e Donación   |h B.1  |i 5653858  |o 340.112 NET 1997  |p 5653858  |r 2023-01-25  |t 1  |w 2022-08-05  |y BK_US  |k AGB 
952 |0 0  |1 0  |2 ddc  |4 0  |6 340_112000000000000_NET_1997  |7 0  |8 C_AGB  |9 585918  |a BIBDER  |b BIBDER  |d 2022-08-05  |e Donación   |h B.2  |i 5653859  |o 340.112 NET 1997  |p 5653859  |r 2023-01-25  |t 1  |w 2022-08-05  |y BK_US  |k AGB